000 01514nam a2200373 a 4500
001 ebr10676065
003 CaPaEBR
006 m u
007 cr cn|||||||||
008 781122s1979 ncua sb 001 0 eng d
010 _z 78026775
020 _z0807813532
020 _z9780807896020
020 _z9781469610023 (e-book)
040 _aCaPaEBR
_cCaPaEBR
035 _a(OCoLC)644654762
050 1 4 _aJV305
_b.A3 1979eb
082 0 4 _a325/.34/09
_222
100 1 _aAdas, Michael,
_d1943-
245 1 0 _aProphets of rebellion
_h[electronic resource] :
_bmillenarian protest movements against the European colonial order /
_cby Michael Adas.
260 _aChapel Hill :
_bUniversity of North Carolina Press,
_cc1979.
300 _axxvii, 243 p. :
_bill.
490 1 _aStudies in comparative world history
504 _aIncludes bibliographical references (p. 219-234) and index.
533 _aElectronic reproduction.
_bPalo Alto, Calif. :
_cebrary,
_d2013.
_nAvailable via World Wide Web.
_nAccess may be limited to ebrary affiliated libraries.
650 0 _aColonies
_vCase studies.
650 0 _aIndigenous peoples
_vCase studies.
650 0 _aGovernment, Resistance to
_vCase studies.
650 0 _aMillennialism
_vCase studies.
655 7 _aElectronic books.
_2local
710 2 _aebrary, Inc.
830 0 _aStudies in comparative world history.
856 4 0 _uhttp://site.ebrary.com/lib/rucke/Doc?id=10676065
_zAn electronic book accessible through the World Wide Web; click to view
999 _c57936
_d57936